Symposium on computer applications in dentistry (Record no. 32809)
[ view plain ]
| 000 -LEADER | |
|---|---|
| fixed length control field | 00807nam a2200193 a 4500 |
| 008 - FIXED-LENGTH DATA ELEMENTS--GENERAL INFORMATION | |
| fixed length control field | 111006s1986 ||||||||||||||||| || u |
| 050 ## - LIBRARY OF CONGRESS CALL NUMBER | |
| Classification number | RK 24 Den vol. 30, no. 4 |
| 100 ## - MAIN ENTRY--PERSONAL NAME | |
| Personal name | Zimmerman, John. L |
| 245 10 - TITLE STATEMENT | |
| Title | Symposium on computer applications in dentistry |
| Statement of responsibility, etc. | John L. Zimmerman, guest ed. |
| 260 ## - PUBLICATION, DISTRIBUTION, ETC. | |
| Place of publication, distribution, etc. | Philadelphia, PA |
| Name of publisher, distributor, etc. | W. B. Saunders |
| Date of publication, distribution, etc. | 1986 |
| 300 ## - PHYSICAL DESCRIPTION | |
| Extent | x, p.617-767: ill. |
| 350 ## - | |
| -- | 0.00 |
| 490 ## - | |
| -- | The Dental clinics of North America |
| 490 ## - | |
| -- | v. 30, no. 4 |
| 650 ## - SUBJECT ADDED ENTRY--TOPICAL TERM | |
| Topical term or geographic name entry element | DENTAL INFORMATICS |
| 650 #0 - SUBJECT ADDED ENTRY--TOPICAL TERM | |
| Topical term or geographic name entry element | DENTISTRY--ATLASES |
| 650 ## - SUBJECT ADDED ENTRY--TOPICAL TERM | |
| Topical term or geographic name entry element | DENTISTRY--COMPUTER ASSISTED INSTRUCTION |
| 995 ## - | |
| -- | MEDICAL LIBRARY OPEN ACCESS |
| -- | 0.00 |
| -- | 901512 |
| -- | CBU-SCHOOL OF MEDICINE LIBRARY (Ndola) |
| -- | 1 |
| -- | 0.00 |
| -- | RK 24 Den vol. 30, no. 4 |
| -- | 1 |
| -- | AVAILABLE |
| -- | Dec 29, 2011 |
| -- | 901512 |
| -- | Medical Library Open Access Collection |
| 999 ## - | |
| -- | 32809 |
| -- | 32809 |
| Withdrawn status | Lost status | Source of classification or shelving scheme | Damaged status | Not for loan | Permanent Location | Current Location | Shelving location | Date acquired | Total Checkouts | Full call number | Barcode | Date last seen | Price effective from | Koha item type |
|---|---|---|---|---|---|---|---|---|---|---|---|---|---|---|
| CBU-SCHOOL OF MEDICINE LIBRARY, NDOLA. | CBU-SCHOOL OF MEDICINE LIBRARY, NDOLA. | 11/30/2022 | RK 24 Den vol. 30, no. 4 | 901512 | 11/30/2022 | 11/30/2022 | MONOGRAPH |